Society and culture : introduction to sociology and anthropology (Record no. 18441)
[ view plain ]
| 000 -LEADER | |
|---|---|
| fixed length control field | 00736nam a22002897a 4500 |
| 003 - CONTROL NUMBER IDENTIFIER | |
| control field | OSt |
| 005 - DATE AND TIME OF LATEST TRANSACTION | |
| control field | 20140310183031.0 |
| 008 - FIXED-LENGTH DATA ELEMENTS--GENERAL INFORMATION | |
| fixed length control field | 130218t xxu||||| |||| 00| 0 eng d |
| 020 ## - INTERNATIONAL STANDARD BOOK NUMBER | |
| International Standard Book Number | 9711110431 |
| 050 ## - LIBRARY OF CONGRESS CALL NUMBER | |
| Classification number | HN 713.5 |
| Item number | .P195 2000 |
| 082 ## - DEWEY DECIMAL CLASSIFICATION NUMBER | |
| Classification number | Fil 301 |
| Item number | P19 2000 |
| 245 ## - TITLE STATEMENT | |
| Title | Society and culture : introduction to sociology and anthropology |
| Statement of responsibility, etc | Panopio, Isabel |
| 260 ## - PUBLICATION, DISTRIBUTION, ETC. (IMPRINT) | |
| Place of publication, distribution, etc | Quezon City |
| Name of publisher, distributor, etc | JMC Press |
| Date of publication, distribution, etc | 2000 |
| 300 ## - PHYSICAL DESCRIPTION | |
| Extent | 418 p. |
| Dimensions | 25 cm |
| 521 ## - TARGET AUDIENCE NOTE | |
| Target audience note | |
| 526 ## - STUDY PROGRAM INFORMATION NOTE | |
| Reading level | 1210L-1700L |
| 541 ## - IMMEDIATE SOURCE OF ACQUISITION NOTE | |
| -- | 1 |
| 541 ## - IMMEDIATE SOURCE OF ACQUISITION NOTE | |
| -- | 2 |
| 541 ## - IMMEDIATE SOURCE OF ACQUISITION NOTE | |
| -- | 3 |
| 541 ## - IMMEDIATE SOURCE OF ACQUISITION NOTE | |
| -- | 4 |
| 541 ## - IMMEDIATE SOURCE OF ACQUISITION NOTE | |
| -- | 5 |
| 541 ## - IMMEDIATE SOURCE OF ACQUISITION NOTE | |
| -- | 6 |
| 541 ## - IMMEDIATE SOURCE OF ACQUISITION NOTE | |
| -- | 7 |
| 541 ## - IMMEDIATE SOURCE OF ACQUISITION NOTE | |
| -- | 8 |
| 562 ## - COPY AND VERSION IDENTIFICATION NOTE | |
| Number of copies | 8 |
| 942 ## - ADDED ENTRY ELEMENTS (KOHA) | |
| Source of classification or shelving scheme | Library of Congress Classification |
| Koha item type | Books |
| Call number prefix | Filipininana |
| Withdrawn status | Lost status | Source of classification or shelving scheme | Damaged status | Home library | Current library | Shelving location | Date acquired | Source of acquisition | Total Checkouts | Total Renewals | Full call number | Barcode | Date last seen | Date checked out | Copy number | Price effective from | Koha item type |
|---|---|---|---|---|---|---|---|---|---|---|---|---|---|---|---|---|---|
| Library of Congress Classification | Archives | Archives | 04/11/2013 | Donation | 3 | 2 | HN 713.5 .P195 2000 | C5032 | 05/08/2018 | 07/01/2014 | 2 | 04/11/2013 | Books | ||||
| Library of Congress Classification | Archives | Archives | 04/11/2013 | Donation | HN 713.5 .P195 2000 | C5038 | 05/08/2018 | 4 | 04/11/2013 | Books | |||||||
| Library of Congress Classification | Archives | Archives | 04/11/2013 | Donation | HN 713.5 .P195 2000 | C5031 | 05/08/2018 | 8 | 04/11/2013 | Books | |||||||
| Library of Congress Classification | Archives | Archives | 04/11/2013 | Donation | HN 713.5 .P195 2000 | C5039 | 05/08/2018 | 9 | 04/11/2013 | Books | |||||||
| Library of Congress Classification | College Library | College Library | General Circulation Section | 04/11/2013 | HN 713.5 .P195 2000 | c5883 | 05/15/2018 | 3 | 04/11/2013 | Books | |||||||
| Library of Congress Classification | College Library | College Library | Filipiniana Section | 04/11/2013 | HN 713.5 .P195 2000 | c5040 | 05/08/2018 | 6 | 04/11/2013 | Books | |||||||
| Library of Congress Classification | College Library | College Library | Filipiniana Section | 04/11/2013 | 1 | 3 | HN 713.5 .P195 2000 | c5885 | 04/01/2019 | 03/04/2019 | 7 | 04/11/2013 | Books |